| 000 | 01021nam a22002537a 4500 | ||
|---|---|---|---|
| 003 | KOHA_MİRAKIL | ||
| 005 | 20260420104547.0 | ||
| 008 | 260420b tu ||||| |||| 00| 0 tur d | ||
| 020 | _a9789944881821 | ||
| 040 |
_aTR-AnABB _btur _cTR-AnABB |
||
| 041 | _atur | ||
| 082 |
_a956.102 _bGUR 2007 |
||
| 100 | 1 | _aGürün, Kamuran | |
| 245 | 1 | 4 |
_aThe Armenian file : _bthe myth of innocence exposed / _cKamuran Gürün |
| 260 |
_aİstanbul : _bTürkiye İş Bankası Yayınları, _c2007 |
||
| 300 |
_a412 sayfa ; _c20 cm |
||
| 490 | 0 |
_aTürkiye İş Bankası ; _vGenel Yayın: 1312 |
|
| 500 | _aDizin vardır | ||
| 504 | _aKaynakça 401-404 sayfaları arasındadır. | ||
| 505 | _aİçindekiler: Armenia and the Armanieans - The origins of the Armenian question - The Armenians in the Ottoman Empire and the policies of the great powers - The Armenian questions - The First World War - The War of Independence | ||
| 650 | 0 | 4 | _aTarih, Türkiye |
| 650 | 0 | 4 | _aTarih, Ermeni sorunu |
| 942 |
_2ddc _cBK |
||
| 999 |
_c10298 _d10298 |
||
| 900 | _bCan ÇELIK | ||